[Event "South America-ch 2nd"]
[Site "Coliseo Miguel Grau"]
[Date "2024.07.29"]
[Round "1"]
[White "Nunez Castaneda, Joaquin Alonso"]
[Black "Sanchez Negreiros, Jose Alberto"]
[Result "0-1"]
[WhiteElo "1485"]
[BlackElo "1972"]
[PlyCount "100"]
[EventDate "2024.07.29"]
[EventType "swiss"]
[EventRounds "9"]
[EventCountry "PER"]
[SourceTitle "EXT 2025"]
[Source "ChessBase"]
[SourceDate "2024.10.14"]
[SourceVersion "1"]
[SourceVersionDate "2024.10.14"]
[SourceQuality "1"]

1. d4 d5 2. c4 dxc4 3. e3 e6 4. Bxc4 Nf6 5. Nf3 a6 6. a4 c5 7. 0-0 Nc6 8. Nc3 cxd4 9. exd4 Nb4 10. Bg5 Be7 11. h3 0-0 12. Re1 b6 13. Qe2 Bb7 14. Rad1 Nfd5 15. Bxe7 Qxe7 16. Nxd5 Nxd5 17. Qe5 Rad8 18. Nd2 Nf6 19. f4 Qd7 20. Nf1 Qxa4 21. Ne3 Nd5 22. Bxd5 Bxd5 23. f5 f6 24. Qf4 e5 25. Qg4 Bb3 26. Ra1 Qxd4 27. Rxa6 Qc5 28. Ra7 Rf7 29. Rxf7 Bxf7 30. Qe2 b5 31. Kh2 h6 32. Qf3 Rd3 33. Qa8+ Kh7 34. Qe4 Qd4 35. Ng4 h5 36. Qxd4 exd4 37. Nf2 Rd2 38. Ne4 Rxb2 39. Rd1 Rb4 40. Rd3 Bb3 41. Rd2 Bd5 42. Ng3 Ra4 43. Nxh5 Ra2 44. Rxa2 Bxa2 45. Nf4 Bc4 46. Kg3 b4 47. Kf2 b3 48. Ne2 Bxe2 49. Kxe2 b2 50. Kd3 b1Q+ 0-1